000 00746cam a2200229 a 4500
001 000010035
005 20200929161818.0
008 921125s1989 pr 001 p spa
020 _a0865814430
040 _aDO-SdBNP
_bspa
_cDLC
_dBNPHU
082 _aPR861.44
_bT693i
100 1 _aTorres, Angel Luis,
_d1950-
_924994
245 1 0 _aIra lira /
_cAngel Luis Torres ; Lilliana Ramos Collado.
260 _aSan Juan,(Puerto Rico) :
_bInstituto de Cultura Puertorriqueña,
_c1989.
300 _a171 p. ;
_c22 cm.
504 _aIncluye índice.
650 4 _aPoesía puertorriqueña
_91015
650 4 _aLiteratura puertorriqueña
_9250
700 1 _aRamos Collado, Lilliana,
_eed.
_924995
910 _aCatalogación por copia / LC
049 _aBNGR
999 _c9794
_d9794